000 00495nam a22001577a 4500
999 _c9206
_d9206
008 210329b ||||| |||| 00| 0 eng d
040 _aBMS College of Architecture
100 _aSubbiah, Sindhu
245 _aInternational Convention centre at Tharamani Chennai
300 _a44p.
500 _a1BM03AT021
502 _8B.Arch
_NBMS College of Architecture, Visvesvaraya Technological University
_aProject report
_d2007
650 _aChennai
700 _aSatish Rao
_eGuide
942 _2ddc
_cTHE